Новые данные по геологии и полезным ископаемым Алтайского края: тезисы докладов предстоящей научно-технической конференции в декабре 1963 г., в г. Бийске

التفاصيل البيبلوغرافية
مؤلفون مشاركون: Новые данные по геологии и полезным ископаемым Алтайского края, Научно-техническое горное общество
مؤلفون آخرون: Звонарев И. Н. Иван Николаевич (редактор)
اللغة:الروسية
منشور في: Новосибирск, 1963
الموضوعات:
التنسيق: MixedMaterials كتاب
KOHA link:https://koha.lib.tpu.ru/cgi-bin/koha/opac-detail.pl?biblionumber=141525

MARC

LEADER 00000nam0a2200000 4500
001 141525
005 20250214113413.0
035 |a (RuTPU)RU\TPU\book\153418 
090 |a 141525 
100 |a 20080821d1963 k y0rusy50 ca 
101 0 |a rus 
102 |a RU 
105 |a y z 101zy 
200 1 |a Новые данные по геологии и полезным ископаемым Алтайского края  |e тезисы докладов предстоящей научно-технической конференции в декабре 1963 г., в г. Бийске  |f Новые данные по геологии и полезным ископаемым Алтайского края ; Научно-техническое горное общество ; под ред. И. Н. Звонарева 
210 |a Новосибирск  |d 1963 
215 |a 84 с. 
320 |a Библиогр. в конце докл. 
610 1 |a геология 
610 1 |a Алтайский край 
610 1 |a полезные ископаемые 
610 1 |a конференции 
675 |a 55(С18)  |v 3 
675 |a 553(С18)  |v 3 
702 1 |a Звонарев  |b И. Н.  |g Иван Николаевич  |4 340 
712 0 2 |a Новые данные по геологии и полезным ископаемым Алтайского края  |c конференция  |e Бийск  |f 1963 
712 0 2 |a Научно-техническое горное общество  |c Москва  |c 1955-  |7 ca  |8 rus  |2 stltpush  |3 (RuTPU)RU\TPU\col\11550  |9 25172 
801 1 |a RU  |b 63413507  |c 20080821  |g PSBO 
801 2 |a RU  |b 63413507  |c 20081215  |g PSBO 
942 |c BK